[Event "AUTO-ELITE-1215"]
[Site "http://www.queenalice.com/game.php?id=1221559"]
[Date "2013.10.2"]
[Round "1"]
[White "rsgaspar"]
[Black "mobe"]
[Result "1-0"]
[WhiteElo "2449"]
[BlackElo "2220"]

1. e4 c5 2. Nf3 Qa5 3. Nc3 e6 4. Bc4 a6 5. d3 b5 6. Bb3 b4 7. Ne2 Be7 8. O-O Bb7
9. Bd2 Nc6 10. c3 O-O-O 11. cxb4 cxb4 12. a3 Qb6 13. Qc2 bxa3 14. bxa3 Rf8 15.
Ba4 f5 16. Rfb1 Qa7 17. Ne5 fxe4 18. Nxc6 Qxf2+ 19. Kh1 dxc6 20. Bxc6 1-0

[Event "AUTO-ELITE-1241"]
[Site "http://www.queenalice.com/game.php?id=1234087"]
[Date "2013.11.21"]
[Round "1"]
[White "Zugswang"]
[Black "mobe"]
[Result "0-1"]
[WhiteElo "2247"]
[BlackElo "2290"]

1. e4 c5 2. Nc3 a6 3. g3 b5 4. Bg2 Bb7 5. d4 cxd4 6. Qxd4 Nc6 7. Qd3 b4 8. Nd5
e6 9. Nf4 Ne5 10. Qe2 Qc7 11. Nf3 Nxf3+ 12. Bxf3 O-O-O 13. Be3 Nf6 14. Bd4 e5
15. O-O-O exd4 16. Rxd4 Bc5 17. Rd2 Rhe8 18. Rhd1 d5 0-1

[Event "AUTO-ELITE-1241"]
[Site "http://www.queenalice.com/game.php?id=1234088"]
[Date "2013.11.21"]
[Round "1"]
[White "mobe"]
[Black "Zugswang"]
[Result "0-1"]
[WhiteElo "2301"]
[BlackElo "2198"]

1. Nf3 Nf6 2. g3 g6 3. b3 b6 4. Bg2 Bb7 5. Bb2 Bg7 6. c4 d6 7. O-O Nbd7 8. b4 e5
9. d3 c5 10. b5 O-O 11. Nc3 Nh5 12. Ne1 Bxg2 13. Nxg2 f5 14. Nd5 Ndf6 15. e4
Nxd5 16. exd5 Nf6 17. f4 e4 18. dxe4 Nxe4 19. Bxg7 Kxg7 20. Qf3 Qf6 21. Rad1 Qb2
22. g4 Qxa2 23. Qd3 Qb2 24. gxf5 gxf5 25. Ne3 Rf6 26. Nxf5+ Rxf5 27. Qxe4 Raf8
28. Rb1 Qd2 29. Rbd1 Qc3 30. Ra1 R8f7 31. Rxa7 Qd4+ 32. Qxd4+ cxd4 33. Rxf7+
Rxf7 34. Kg2 Kg6 35. Kf3 Re7 36. Rg1+ Kf7 37. Rd1 Re3+ 38. Kg4 d3 39. f5 Kf6 40.
Kf4 Re2 41. Rxd3 Rxh2 42. Rg3 Rc2 43. Re3 Rxc4+ 44. Re4 Rxe4+ 45. Kxe4 h5 46.
Kf4 h4 47. Kg4 h3 48. Kxh3 Kxf5 0-1

[Event "AUTO-ELITE-1241"]
[Site "http://www.queenalice.com/game.php?id=1234093"]
[Date "2013.11.21"]
[Round "1"]
[White "TigranPetrosian"]
[Black "mobe"]
[Result "1-0"]
[WhiteElo "2245"]
[BlackElo "2282"]

1. e4 c5 2. Nf3 Nc6 3. Bb5 d6 4. Bxc6+ bxc6 5. O-O Nf6 6. d3 e5 7. Na3 Be7 8. h3
O-O 9. Nc4 Be6 10. Qe2 a5 11. a4 Bxc4 12. dxc4 Rb8 13. Rd1 h6 14. Nxe5 Qe8 15.
Nd3 g5 16. h4 Nd7 17. Qh5 f5 18. Qxh6 fxe4 19. Qe6+ Qf7 20. Qxe4 Nf6 21. Qxc6
gxh4 22. Re1 Rfc8 23. Qf3 Nh7 24. Qg4+ Kh8 25. Bd2 Rg8 26. Qd7 Qg6 27. Nf4 Qxc2
28. Rxe7 Rxg2+ 29. Nxg2 1-0

[Event "AUTO-ELITE-1241"]
[Site "http://www.queenalice.com/game.php?id=1234094"]
[Date "2013.11.21"]
[Round "1"]
[White "mobe"]
[Black "TigranPetrosian"]
[Result "0-1"]
[WhiteElo "2291"]
[BlackElo "2253"]

1. Nf3 d5 2. c4 c6 3. g3 Nf6 4. cxd5 cxd5 5. Bg2 Nc6 6. O-O g6 7. d4 Bg7 8. Nc3
O-O 9. Bg5 Ne4 10. Bf4 Bg4 11. h3 Bf5 12. g4 Nxc3 13. bxc3 Be4 14. h4 Qd7 15. g5
Qf5 16. Bh2 Rac8 17. Ne1 Bxg2 18. Nxg2 Rfd8 19. Qb1 Qd7 20. a4 e5 21. dxe5 Nxe5
22. e4 Nf3+ 0-1

[Event "Challenge"]
[Site "http://www.queenalice.com/game.php?id=1249293"]
[Date "2014.1.18"]
[Round "-"]
[White "mobe"]
[Black "hudd"]
[Result "1-0"]
[WhiteElo "2278"]
[BlackElo "2001"]

1. Nf3 d5 2. c4 c6 3. d4 dxc4 4. e3 b5 5. a4 Ba6 6. axb5 cxb5 7. b3 Qd5 8. bxc4
bxc4 9. Rxa6 Nxa6 10. Qa4+ Qd7 11. Qxa6 Qd6 12. Qxc4 Nf6 13. Ne5 e6 14. Qb5+ Nd7
15. Bd2 Be7 16. Qa4 f6 17. Nxd7 Kf7 18. Nc5 1-0

[Event "Challenge"]
[Site "http://www.queenalice.com/game.php?id=1249294"]
[Date "2014.1.18"]
[Round "-"]
[White "hudd"]
[Black "mobe"]
[Result "0-1"]
[WhiteElo "1956"]
[BlackElo "2252"]

1. e4 c5 2. Nf3 a6 3. Nc3 e6 4. Be2 b5 5. a3 b4 6. axb4 cxb4 7. Na4 Be7 8. O-O
d5 9. exd5 exd5 10. d4 Nf6 11. c3 O-O 12. Ne5 Re8 13. cxb4 Bxb4 14. Qb3 a5 15.
Bb5 Bd7 16. Bxd7 Nbxd7 17. Nxd7 Nxd7 18. Qxd5 Nf6 19. Qxd8 Raxd8 20. Bg5 Rxd4
21. Bxf6 gxf6 22. g3 Rd2 23. Rfe1 Red8 24. Kg2 Kg7 25. Re4 f5 26. Rf4 Kg6 27. h3
R2d4 28. Rxd4 Rxd4 29. Kf3 Kg5 30. Ke3 Rd6 31. f4+ Kg6 32. Nc3 Bc5+ 33. Ke2 Re6+
34. Kd2 Bf2 35. Ne2 Ra6 36. Ra2 a4 37. b3 a3 38. Kc3 Be1+ 39. Kc4 Rc6+ 40. Kb5
Re6 41. Kc4 Re3 42. g4 Rxh3 43. gxf5+ Kxf5 44. Rxa3 Re3 45. Ra2 h5 46. Rb2 h4
0-1

[Event "AUTO-ELITE-1302"]
[Site "http://www.queenalice.com/game.php?id=1265228"]
[Date "2014.3.15"]
[Round "1"]
[White "Rusty"]
[Black "mobe"]
[Result "1-0"]
[WhiteElo "2503"]
[BlackElo "2250"]

1. d4 g6 2. e3 Bg7 3. Be2 c5 4. c3 cxd4 5. exd4 Nf6 6. Bg5 Ne4 7. Be3 O-O 8. Nd2
Nf6 9. Ngf3 Nd5 10. O-O d6 11. Bg5 h6 12. Bh4 Nf4 13. Re1 Qc7 14. Bf1 g5 15. Bg3
Nh5 16. Ne4 f5 17. Ned2 f4 18. Bc4+ e6 19. Nxg5 fxg3 20. hxg3 d5 21. Nxe6 Bxe6
22. Rxe6 Qf7 23. Bxd5 Qxf2+ 24. Kh1 Nxg3+ 25. Kh2 Kh8 26. Bxb7 Qf4 27. Kh3 Bf6
28. Qg4 Qxd2 29. Bxa8 Rg8 30. Rd1 Qc2 31. Qf3 1-0

[Event "AUTO-ELITE-1302"]
[Site "http://www.queenalice.com/game.php?id=1265229"]
[Date "2014.3.15"]
[Round "1"]
[White "mobe"]
[Black "Rusty"]
[Result "0-1"]
[WhiteElo "2255"]
[BlackElo "2500"]

1. Nf3 Nf6 2. g3 d5 3. Bg2 e6 4. O-O Be7 5. d3 c5 6. Nbd2 Nc6 7. Re1 e5 8. e4 d4
9. Nc4 Qc7 10. Nh4 Bg4 11. f3 Be6 12. Nd2 g6 13. a3 Nh5 14. b3 Bxh4 15. gxh4 Qe7
16. Nc4 Qxh4 17. Nd6+ Kf8 18. Nc4 Kg7 19. Bd2 b5 20. Na5 Nxa5 21. Bxa5 c4 22.
bxc4 bxc4 23. Bc7 Qg5 24. h4 Qg3 25. dxc4 Rhc8 26. Bd6 Rxc4 27. Qd3 Rd8 28. Be7
Nf4 0-1

[Event "AUTO-ELITE-1302"]
[Site "http://www.queenalice.com/game.php?id=1265236"]
[Date "2014.3.15"]
[Round "1"]
[White "mobe"]
[Black "Donidon"]
[Result "0-1"]
[WhiteElo "2269"]
[BlackElo "2378"]

1. Nf3 Nf6 2. g3 g6 3. Bg2 Bg7 4. d3 O-O 5. O-O d5 6. Nbd2 c5 7. e4 Nc6 8. Re1
dxe4 9. dxe4 Be6 10. e5 Ng4 11. Ng5 Bf5 12. Bxc6 bxc6 13. Ngf3 Qc7 14. Nc4 Be6
15. Re4 Rfd8 16. Bd2 Bxc4 17. Rxc4 Nxe5 18. Rxc5 Nxf3+ 19. Qxf3 Rxd2 20. Rxc6
Qd8 21. Rf1 Bxb2 22. a4 Rc8 23. Rxc8 Qxc8 24. Qe3 Rxc2 0-1

[Event "AUTO-ELITE-1302"]
[Site "http://www.queenalice.com/game.php?id=1265237"]
[Date "2014.3.15"]
[Round "1"]
[White "Donidon"]
[Black "mobe"]
[Result "1-0"]
[WhiteElo "2394"]
[BlackElo "2260"]

1. e4 g6 2. d4 Bg7 3. f4 c5 4. Nf3 cxd4 5. Nxd4 d5 6. e5 Bd7 7. Be2 Nh6 8. O-O
Nf5 9. Nxf5 Bxf5 10. Be3 O-O 11. Nc3 Be6 12. Bf3 a5 13. Nxd5 Ra6 14. Qe1 Bxd5
15. Rd1 e6 16. c4 a4 17. cxd5 exd5 18. Bxd5 Qc8 19. Qb4 Nc6 20. Qc4 Qc7 21. Bc5
Na5 22. Qb5 Rfa8 23. f5 Bxe5 24. fxg6 hxg6 25. Rxf7 Bxh2+ 26. Kh1 1-0

[Event "Challenge"]
[Site "http://www.queenalice.com/game.php?id=1315989"]
[Date "2014.10.17"]
[Round "-"]
[White "mobe"]
[Black "mobester"]
[Result "1-0"]
[WhiteElo "2242"]
[BlackElo "1923"]

1. g3 d5 2. Nf3 e6 3. Bg2 Bd6 4. O-O c5 5. d3 Ne7 6. Nbd2 b5 7. b3 Bb7 8. c4 a6
9. Bb2 f6 10. Bh3 Qd7 11. cxd5 Nxd5 12. Ne4 Qc7 13. Bxe6 Nd7 14. Nxd6+ Qxd6 15.
Bxd5 Qxd5 16. e4 Qc6 17. Qc2 O-O 18. Rfe1 Rae8 19. Rac1 f5 20. Qc3 Rf7 21. Ng5
Rfe7 22. b4 Nf6 23. bxc5 h6 24. Qb3+ Kf8 25. Bxf6 gxf6 26. Nh3 fxe4 27. d4 Qd7
28. Nf4 Rg7 29. Qb4 Bc6 30. Rcd1 Bd5 31. c6+ Qe7 32. Qxe7+ Rexe7 33. Nxd5 Re6
34. Rc1 Re8 35. Nxf6 Rd8 36. Rxe4 a5 37. d5 Rc7 38. Rc5 Rd6 39. Nd7+ Kg7 40.
Re7+ Kh8 41. Rxb5 a4 42. Rb8+ Rc8 43. Rxc8# 1-0

[Event "Challenge"]
[Site "http://www.queenalice.com/game.php?id=1316462"]
[Date "2014.10.18"]
[Round "-"]
[White "mobester"]
[Black "mobe"]
[Result "1-0"]
[WhiteElo "1893"]
[BlackElo "2264"]

1. d4 g6 2. e3 Bg7 3. Bd3 c5 4. Ne2 cxd4 5. Nxd4 e5 6. Ne2 Ne7 7. a3 O-O 8. c3
d5 9. b4 e4 10. Bc2 Bg4 11. Bb2 Nbc6 12. h3 Bxe2 13. Qxe2 Ne5 14. Nd2 Rc8 15.
O-O-O f5 16. Nb3 Nc4 17. Nc5 Nxb2 18. Kxb2 Qd6 19. Bb3 Bxc3+ 20. Kxc3 b6 21. Rc1
Qe5+ 22. Kc2 bxc5 23. bxc5 Rxc5+ 24. Kb1 Rxc1+ 25. Rxc1 f4 26. exf4 Rxf4 27. f3
e3 28. g3 Rf8 29. f4 Qe4+ 30. Ka2 Kg7 31. Rc3 d4 32. Rc4 Nd5 33. Bc2 Qe6 34. Kb2
Qb6+ 35. Bb3 Rb8 36. Qc2 e2 37. Ka2 e1=Q 38. g4 Nc3+ 39. Rxc3 Qxc3 40. Qxc3 dxc3
41. h4 1-0

[Event "AUTO-ELITE-1405"]
[Site "http://www.queenalice.com/game.php?id=1316980"]
[Date "2014.10.21"]
[Round "1"]
[White "PauloRezendeCXG"]
[Black "mobe"]
[Result "0-1"]
[WhiteElo "2144"]
[BlackElo "2257"]

1. d4 g6 2. Nf3 Bg7 3. c4 c5 4. e3 cxd4 5. Nxd4 Nf6 6. Be2 O-O 7. O-O a6 8. Nc3
e5 9. Nc2 e4 10. b3 Nc6 11. Bb2 b6 12. Qc1 d5 13. Nxd5 Nxd5 14. Bxg7 Kxg7 15.
cxd5 Qxd5 16. Rd1 Qg5 17. Nd4 Bh3 18. Bf1 Ne5 19. Kh1 Bg4 20. Be2 Nd3 21. Bxd3
Bxd1 22. Qxd1 exd3 23. Qxd3 Qf6 24. Rf1 a5 25. Qb5 Rfc8 26. h3 Rc5 27. Qd3 Rac8
28. Kh2 Qe5+ 29. g3 Rc3 30. Qd2 b5 31. h4 h5 32. Qe2 b4 33. Rb1 Qe4 34. Rd1 Rc2
35. Nxc2 Rxc2 0-1

[Event "AUTO-ELITE-1405"]
[Site "http://www.queenalice.com/game.php?id=1316981"]
[Date "2014.10.21"]
[Round "1"]
[White "mobe"]
[Black "PauloRezendeCXG"]
[Result "1-0"]
[WhiteElo "2246"]
[BlackElo "2217"]

1. Nf3 d5 2. g3 Nf6 3. Bg2 Bf5 4. d4 e6 5. Nh4 Bg6 6. Nxg6 hxg6 7. O-O c5 8. Nc3
cxd4 9. Qxd4 Nc6 10. Qd1 Bb4 11. Bd2 O-O 12. a3 Bxc3 13. Bxc3 e5 14. b4 d4 15.
Bb2 Qc7 16. f4 exf4 17. Bxc6 Qxc6 18. Rxf4 Rac8 19. Qxd4 Rfd8 20. Qxa7 Qxc2 21.
Bxf6 gxf6 22. Rxf6 Qxe2 23. Qxb7 Qe3+ 24. Kh1 Rf8 25. Raf1 Rb8 26. Qd5 Rbd8 27.
Rxg6+ 1-0

[Event "AUTO-ELITE-1405"]
[Site "http://www.queenalice.com/game.php?id=1316984"]
[Date "2014.10.21"]
[Round "1"]
[White "PopowskiF"]
[Black "mobe"]
[Result "1/2-1/2"]
[WhiteElo "2288"]
[BlackElo "2266"]

1. d4 g6 2. e4 Bg7 3. Nf3 c5 4. Nc3 Qa5 5. Bc4 cxd4 6. Nxd4 Qc5 7. Bxf7+ Kxf7 8.
Be3 Qb6 9. O-O Qxb2 10. Ncb5 Nc6 11. Qf3+ Nf6 12. Rfb1 Nxd4 13. Bxd4 Qxc2 14. e5
Rf8 15. exf6 Bxf6 16. Bxf6 exf6 17. Nd6+ Kg7 18. Rc1 Qd2 19. Rd1 Qb2 20. Nxc8
Raxc8 21. Rxd7+ Rf7 22. Rxf7+ Kxf7 23. Qd5+ Kg7 1/2-1/2

[Event "AUTO-ELITE-1405"]
[Site "http://www.queenalice.com/game.php?id=1316985"]
[Date "2014.10.21"]
[Round "1"]
[White "mobe"]
[Black "PopowskiF"]
[Result "1/2-1/2"]
[WhiteElo "2267"]
[BlackElo "2264"]

1. Nf3 Nf6 2. d3 d5 3. g3 g6 4. Bg2 Bg7 5. O-O Nc6 6. Nbd2 O-O 7. e4 e5 8. exd5
Nxd5 9. c3 Be6 10. Ne4 h6 11. Nc5 Bc8 12. Qa4 Kh7 13. Re1 f5 14. Qb3 Rb8 15.
Nxe5 Nxe5 16. d4 b6 17. dxe5 Qe7 18. Qxd5 bxc5 19. Be3 Bb7 20. Bxc5 Bxd5 21.
Bxe7 Rfe8 22. Bxd5 Rxe7 23. e6 Rxb2 24. Rac1 a5 25. a4 h5 26. Kg2 Bh6 27. Rb1
Rc2 28. c4 Bg7 29. Rbd1 Bb2 30. Rd3 Bc3 31. Ree3 Bb4 32. h3 Kg7 33. Rf3 Ra2 34.
Bc6 Rxe6 35. Rd7+ Re7 36. Rfd3 Re2 37. Rxe7+ Rxe7 38. f4 Kf6 39. Rd7 1/2-1/2

[Event "AUTO-ELITE-1405"]
[Site "http://www.queenalice.com/game.php?id=1344429"]
[Date "2015.2.27"]
[Round "2"]
[White "acid"]
[Black "mobe"]
[Result "1-0"]
[WhiteElo "2690"]
[BlackElo "2267"]

1. e4 d6 2. d4 g6 3. Nc3 Bg7 4. Nf3 c6 5. Be2 b5 6. e5 b4 7. Ne4 dxe5 8. Nxe5
Qa5 9. O-O Bxe5 10. dxe5 Qxe5 11. Ng5 Qg7 12. Bc4 Nh6 13. Re1 a5 14. Bf4 Bg4 15.
Rxe7+ 1-0

[Event "AUTO-ELITE-1405"]
[Site "http://www.queenalice.com/game.php?id=1344430"]
[Date "2015.2.27"]
[Round "2"]
[White "mobe"]
[Black "acid"]
[Result "0-1"]
[WhiteElo "2266"]
[BlackElo "2688"]

1. Nf3 d5 2. g3 Nf6 3. Bg2 c5 4. d3 e6 5. O-O Nc6 6. Nbd2 Be7 7. e4 O-O 8. Re1
b6 9. c3 Re8 10. e5 Nd7 11. d4 h6 12. b3 Ba6 13. Qc2 cxd4 14. cxd4 Nb4 15. Qd1
Rc8 16. Bf1 b5 17. Rb1 Nxa2 18. Bb2 Nc3 19. Bxc3 Rxc3 20. b4 Qb6 21. Bh3 Nb8 22.
Rb2 Nc6 23. Nb1 Rc4 24. Nbd2 Rxb4 25. Nb3 Bb7 26. Bg2 a5 27. Qd2 a4 28. Nc5 Rxb2
29. Qxb2 Bxc5 30. dxc5 Qxc5 31. Rc1 Qb6 32. Bf1 b4 33. Bd3 a3 34. Qb3 Na5 35.
Qa4 Bc6 36. Qc2 b3 0-1

[Event "AUTO-ELITE-1405"]
[Site "http://www.queenalice.com/game.php?id=1344433"]
[Date "2015.2.27"]
[Round "2"]
[White "mobe"]
[Black "PopowskiF"]
[Result "1/2-1/2"]
[WhiteElo "2241"]
[BlackElo "2258"]

1. Nf3 c5 2. d3 d5 3. g3 Nf6 4. Bg2 Nc6 5. O-O h6 6. Nbd2 e5 7. Re1 Be6 8. c4
Be7 9. cxd5 Nxd5 10. Nc4 Qc7 11. e4 Nb6 12. Nxb6 axb6 13. a4 b5 14. Be3 bxa4 15.
Rxa4 O-O 16. Rxa8 Rxa8 17. Qc1 Nb4 18. Qc3 Bd6 19. b3 Ra2 20. Rd1 Rc2 21. Qa1
Bxb3 22. Qa3 Be6 23. Qa8+ Kh7 24. Qa3 Ra2 25. Qc3 Rc2 26. Qa3 Ra2 27. Qc3
1/2-1/2

[Event "AUTO-ELITE-1405"]
[Site "http://www.queenalice.com/game.php?id=1344434"]
[Date "2015.2.27"]
[Round "2"]
[White "PopowskiF"]
[Black "mobe"]
[Result "1/2-1/2"]
[WhiteElo "2245"]
[BlackElo "2265"]

1. d4 d6 2. e4 Nf6 3. Nc3 g6 4. f4 Bg7 5. Nf3 O-O 6. Be2 c6 7. O-O b5 8. e5 dxe5
9. dxe5 Qxd1 10. Rxd1 Nfd7 11. Be3 e6 12. Ne4 f6 13. exf6 Nxf6 14. Nxf6+ Bxf6
15. Ne5 Bxe5 16. fxe5 Nd7 17. Bh6 Rf5 18. Bf3 Nxe5 19. Be4 Rh5 20. Rd8+ Kf7 21.
Rf1+ Ke7 22. Rff8 Rxh6 23. Rfe8+ Kf7 24. Rf8+ Ke7 1/2-1/2